000 00280nam a2200109Ia 4500
008 221009s9999 xx 000 0 und d
082 _a294.592/PRA
100 _aBhaktivedanta, A C
_924171
245 4 _aThe King of Knowledge
260 _bThe Bhaktivedanta Book Trust
942 _cBK
999 _c64571
_d64571